[Event "Elitserien Allsvenskan 2018-19"]
[Site "Sweden"]
[Date "2019.03.30"]
[Round "8.4"]
[White "Akesson, Ralf"]
[Black "Lindgren, Philip"]
[Result "1/2-1/2"]
[WhiteElo "2343"]
[BlackElo "2383"]
[Annotator "NA"]
[PlyCount "89"]
[EventDate "2018.11.09"]
[EventType "team-tourn"]
[EventCountry "SWE"]
[SourceTitle "playchess.com"]
[Source "ChessBase"]
[SourceQuality "1"]
[TimeControl "40/5400+30:1800+30"]

1. d4 {[%emt 0:00:00]} d5 {[%emt 0:00:00]} 2. c4 {[%emt 0:00:00]} c6 {[%emt 0:00:13]} 3. Nf3 {[%emt 0:00:14]} Nf6 {[%emt 0:00:42]} 4. e3 {[%emt 0:00:42]} Bg4 {[%emt 0:01:20]} 5. Qb3 {[%emt 0:02:59]} Qc7 {[%emt 0:01:37]} 6. Ne5 {[%emt 0:02:35] D11: Slav Defence: 3 Nf3 sidelines and 3...Nf6 4 e3 Bg4} (6. cxd5 Bxf3 7. gxf3 cxd5 8. Nc3 e6 9. Rg1 Nc6 10. Bd2 g6 11. f4 Be7 12. Rc1 Qd7 13. f3 O-O {½-½ (26) Pashikian,A (2599)-Andriasian,Z (2604) Yerevan 2019}) 6... Be6 {[%emt 0:08:31]} 7. Nc3 {[%emt 0:02:14]} Nbd7 {[%emt 0:08:11]} 8. f4 {[%emt 0:04:29]} g6 {[%emt 0:08:18]} 9. Bd2 {[%emt 0:02:26]} Bg7 {[%emt 0:06:11]} 10. Rc1 {[%emt 0:01:27]} dxc4 $146 {[%emt 0:02:15]} ({Predecessor:} 10... Qb6 11. Qa3 Qd8 12. cxd5 Nxd5 13. e4 Nxc3 14. bxc3 {1-0 (64) Kanep,M (2452)-Frey,H (2346) Dos Hermanas 2004}) 11. Bxc4 {[%emt 0:00:16]} Bxc4 {[%emt 0:01:00]} 12. Qxc4 {[%emt 0:00:55]} O-O {[%emt 0:01:14]} 13. O-O {[%emt 0:02:48]} Rad8 {[%emt 0:04:08]} 14. Rfd1 {[%emt 0:11:41]} Nb6 {[%emt 0:03:10]} 15. Qe2 {[%emt 0:03:48]} Qc8 {[%emt 0:04:30]} 16. Qf3 {[%emt 0:09:33]} Qe6 {[%emt 0:04:44]} 17. b3 {[%emt 0:07:37]} Nfd7 {[%emt 0:08:58]} 18. Ne4 {[%emt 0:07:03]} Qd5 {[%emt 0:08:59]} 19. Bb4 {[%emt 0:03:02]} Rfe8 {[%emt 0:01:50]} 20. Nc3 {[%emt 0:13:58]} Qxf3 {[%emt 0:02:59]} 21. gxf3 {[%emt 0:00:29]} e6 {[%emt 0:04:26]} 22. Ne4 {[%emt 0:04:58]} Nd5 {[%emt 0:05:36]} 23. Bd2 {[%emt 0:00:26]} Bf8 {[%emt 0:01:06]} 24. Kf2 {[%emt 0:00:48]} Nxe5 {[%emt 0:02:41]} 25. fxe5 {[%emt 0:01:26]} Kg7 {[%emt 0:03:35]} 26. Nc5 {[%emt 0:04:57]} Bxc5 {[%emt 0:01:51]} 27. dxc5 {[%emt 0:00:06]} f5 {[%emt 0:03:47]} 28. exf6+ {[%emt 0:02:19]} Nxf6 {[%emt 0:00:11]} 29. Ba5 {[%emt 0:02:23]} Rxd1 {[%emt 0:01:26]} 30. Rxd1 {[%emt 0:00:03]} Kf7 {[%emt 0:00:48]} 31. e4 {[%emt 0:01:28]} Re7 {[%emt 0:00:31]} 32. Rd8 {[%emt 0:00:35]} Rd7 {[%emt 0:00:38]} 33. Ra8 {[%emt 0:00:33]} a6 {[%emt 0:00:27]} 34. Ke3 {[%emt 0:01:50]} e5 {[%emt 0:00:22]} 35. Rc8 {[%emt 0:00:40]} Ke6 {[%emt 0:00:24]} 36. Bc7 {[%emt 0:00:41]} Rf7 {[%emt 0:00:46]} 37. Bd6 {[%emt 0:00:30]} g5 {[%emt 0:00:31]} 38. h3 {[%emt 0:01:28]} h5 {[%emt 0:00:14]} 39. Ke2 {[%emt 0:01:33]} g4 {[%emt 0:00:47]} 40. hxg4 {[%emt 0:01:06]} hxg4 {[%emt 0:00:07]} 41. fxg4 {[%emt 0:31:22]} Nxe4 {[%emt 0:06:02]} 42. Re8+ $11 {[%emt 0:00:00]} Kd7 {[%emt 0:04:50]} 43. Rxe5 {[%emt 0:00:00]} Nxd6 {[%emt 0:00:15]} 44. cxd6 {[%emt 0:00:00]} Kxd6 {[%emt 0:00:07]} 45. Rg5 {[%emt 0:00:00] Ke5} 1/2-1/2

[Event "Elitserien Allsvenskan 2018-19"]
[Site "Sweden"]
[Date "2019.03.30"]
[Round "8.4"]
[White "Ornstein, Axel"]
[Black "Ernst, Thomas"]
[Result "1-0"]
[WhiteElo "2303"]
[BlackElo "2330"]
[Annotator "NA"]
[PlyCount "85"]
[EventDate "2018.11.09"]
[EventType "team-tourn"]
[EventCountry "SWE"]
[SourceTitle "playchess.com"]
[Source "ChessBase"]
[SourceQuality "1"]
[TimeControl "40/5400+30:1800+30"]

1. d4 {[%emt 0:00:13]} d5 {[%emt 0:00:08]} 2. c4 {[%emt 0:00:21]} c6 {[%emt 0:00:09]} 3. Nc3 {[%emt 0:01:05]} Nf6 {[%emt 0:00:13]} 4. e3 {[%emt 0:00:15]} e6 {[%emt 0:00:32]} 5. Nf3 {[%emt 0:00:06]} Nbd7 {[%emt 0:00:14]} 6. Qc2 {[%emt 0:00:04]} Bd6 {[%emt 0:00:23]} 7. Bd3 {[%emt 0:00:06]} O-O {[%emt 0:03:15]} 8. O-O {[%emt 0:00:20]} dxc4 {[%emt 0:00:21]} 9. Bxc4 {[%emt 0:00:02]} b5 {[%emt 0:00:13]} 10. Be2 {[%emt 0:00:07]} Bb7 {[%emt 0:00:22]} 11. Rd1 {[%emt 0:00:30]} Qe7 {[%emt 0:03:04] D46: Semi-Slav: 5 e3 Nbd7 6 Bd3, Black avoids the Meran} (11... Qc7 12. Bd2 a5 13. Rac1 Rac8 14. Ne4 Nxe4 15. Qxe4 c5 16. Qh4 Bxf3 17. Bxf3 b4 18. dxc5 Nxc5 19. a3 Qd8 20. Qxd8 Rcxd8 21. axb4 {½-½ (66) Bocharov,D (2594)-Vitiugov,N (2740) Sochi 2018}) 12. b3 {[%emt 0:09:39]} a6 {[%emt 0:18:56]} 13. a4 {[%emt 0:04:31]} Rfc8 $146 {[%emt 0:15:17]} ({Predecessor:} 13... Rac8 14. Bb2 b4 15. Ne4 Nxe4 16. Qxe4 a5 17. Nd2 Nb6 18. Rac1 {1-0 (33) Moiseenko,V (2231)-Burdyko,A (2105) Dagomys 2009}) 14. Ne4 {[%emt 0:07:20]} Nxe4 {[%emt 0:07:18]} 15. Qxe4 {[%emt 0:00:04]} e5 {[%emt 0:00:57]} 16. axb5 {[%emt 0:12:23]} axb5 {[%emt 0:02:28]} 17. Rxa8 {[%emt 0:00:39]} Bxa8 {[%emt 0:00:11]} 18. dxe5 {[%emt 0:02:29]} Nxe5 {[%emt 0:00:23]} 19. Nxe5 {[%emt 0:00:26]} Qxe5 {[%emt 0:01:49]} 20. Qxe5 {[%emt 0:00:06]} Bxe5 {[%emt 0:00:06]} 21. Ba3 {[%emt 0:04:19]} Bf6 {[%emt 0:06:53]} 22. Bc5 {[%emt 0:07:55]} Rd8 {[%emt 0:00:19]} 23. Rxd8+ {[%emt 0:00:27]} Bxd8 {[%emt 0:00:06]} 24. Bg4 {[%emt 0:00:22]} g6 {[%emt 0:01:31]} 25. e4 {[%emt 0:00:25]} Bb7 {[%emt 0:06:16]} 26. f4 {[%emt 0:05:59]} f5 {[%emt 0:02:55]} 27. exf5 {[%emt 0:00:21]} Bc8 {[%emt 0:00:09]} 28. Bf3 {[%emt 0:00:03]} Bxf5 {[%emt 0:00:24]} 29. Bxc6 {[%emt 0:00:08]} Be6 {[%emt 0:00:11]} 30. b4 {[%emt 0:00:14]} Bc4 {[%emt 0:00:05]} 31. Kf2 {[%emt 0:00:15]} Kf7 {[%emt 0:00:37]} 32. Bd7 {[%emt 0:01:01]} Be7 {[%emt 0:02:06]} 33. Bxe7 {[%emt 0:00:11]} Kxe7 {[%emt 0:00:06]} 34. Bg4 {[%emt 0:00:08]} Kd6 {[%emt 0:00:39]} 35. Ke3 {[%emt 0:00:10]} Bd5 {[%emt 0:00:58]} 36. g3 {[%emt 0:00:10]} h6 {[%emt 0:00:36]} 37. Kd4 $18 {[%emt 0:02:11]} Bc6 {[%emt 0:02:29]} 38. Be2 {[%emt 0:01:37]} Bd7 {[%emt 0:00:43]} 39. Bd3 {[%emt 0:03:23]} Be8 {[%emt 0:00:08]} 40. h4 {[%emt 0:04:44]} h5 {[%emt 0:00:16]} 41. Bc2 {[%emt 0:30:10]} Bf7 {[%emt 0:30:15]} 42. Be4 {[%emt 0:00:07]} Be8 {[%emt 0:00:15]} 43. Bd3 {[%emt 0:00:06] Kd5+ Ke4+} 1-0

[Event "Elitserien Allsvenskan 2018-19"]
[Site "Sweden"]
[Date "2019.03.30"]
[Round "8.4"]
[White "Larsson, Johan"]
[Black "Hillarp Persson, Tiger"]
[Result "1/2-1/2"]
[WhiteElo "2189"]
[BlackElo "2558"]
[Annotator "TA"]
[PlyCount "120"]
[EventDate "2018.11.09"]
[EventType "team-tourn"]
[EventCountry "SWE"]
[SourceTitle "playchess.com"]
[Source "ChessBase"]
[SourceQuality "1"]

{[%evp 10,120,19,-1,10,12,19,7,14,13,19,4,32,35,43,50,46,27,86,85,88,87,91,81,109,79,92,42,36,35,48,25,13,18,26,0,0,0,0,3,10,9,8,0,0,0,3,14,14,0,0,0,0,0,0,0,0,0,0,0,0,-12,0,-2,0,-41,-39,-39,-8,-55,-50,-104,-104,-184,-9,-9,-8,-8,-8,-8,-8,-8,-8,-8,-8,-8,-8,-8,0,-8,-8,-8,0,0,0,0,0,-8,0,0,0,0,0,0,0,0,0,0,0,0,0,-8,-8]} 1. e4 c5 2. Nc3 a6 3. g3 b5 4. Bg2 Bb7 5. d3 e6 6. Nh3 b4 {B23: Closed Sicilian: Lines without g3} 7. Ne2 d5 8. O-O dxe4 9. dxe4 Nc6 $146 ({Predecessor:} 9... Qxd1 10. Rxd1 Nf6 11. e5 Bxg2 12. Kxg2 Ng4 13. f4 Be7 14. Nhg1 {½-½ (46) Predojevic,B (2642)-Loncar,R (2415) Rijeka 2011}) 10. c3 Qxd1 11. Rxd1 Nf6 {[#]} 12. e5 $1 $36 {[%mdl 2560] Black is under pressure.} Ng4 (12... Nxe5 13. Bxb7) 13. f4 f6 (13... c4 $11) 14. exf6 $16 gxf6 15. Nf2 Nxf2 16. Kxf2 h5 17. Be3 Rh7 18. b3 a5 19. Rac1 Nd8 20. cxb4 (20. Bf1 {is interesting.} Nf7 21. Kg1 Rc8 22. Bh3 f5 23. Bg2) 20... Bxg2 21. Kxg2 axb4 22. Bxc5 Bxc5 23. Rxc5 Rxa2 24. Kf3 Rd7 25. Rxd7 Kxd7 $11 {[%mdl 4096] Endgame KRN-KRN} 26. Rc4 Rb2 27. Rxb4 Nc6 28. Rb7+ Kd6 29. Rf7 (29. Ke3 {looks sharper.} Ne7 30. Rb6+ Kd7 31. Kd3 e5 32. Nc3) 29... Rxb3+ 30. Kf2 Rb2 31. Kf3 f5 32. Rf6 Rb3+ 33. Kf2 h4 34. Rg6 Rb2 35. Ke3 Rb3+ 36. Kf2 Kd5 37. g4 Nb4 {White must now prevent ...Nd3+.} 38. gxf5 exf5 39. Rh6 Nd3+ 40. Ke3 (40. Kf1 $15) 40... Ne5+ $1 $17 41. Kd2 Nc4+ $2 (41... Rb2+ $19 42. Kc3 Ng4 43. Kxb2 Nxh6) 42. Ke1 $11 {The position is equal.} Rh3 43. Ng3 Rxh2 44. Nxf5 h3 {Hoping for ...Ke4.} 45. Ng3 Nb2 46. f5 Nd3+ 47. Kd1 Nf2+ 48. Ke1 Nd3+ 49. Kd1 Rg2 50. Nf1 Ke5 51. f6 Ke6 {And now ...Rf2 would win.} 52. Ne3 Nf4 {White should prevent ...Kf7.} 53. Rh4 Rf2 {Strongly threatening ...h2.} 54. Ng4 Rf1+ 55. Kd2 Ra1 56. Rh7 Ra2+ 57. Ke3 Nd5+ 58. Kf3 Ra3+ 59. Kf2 Ra4 60. Kg3 {[#]} Rxg4+ $1 {[%mdl 576] Remove Defender. Accuracy: White = 61%, Black = 53%.} 1/2-1/2

[Event "Elitserien Allsvenskan 2018-19"]
[Site "Sweden"]
[Date "2019.03.30"]
[Round "8.5"]
[White "Brynell, Stellan"]
[Black "Bergstrom, Peter"]
[Result "1-0"]
[WhiteElo "2403"]
[BlackElo "2299"]
[Annotator "ChessBase"]
[PlyCount "79"]
[EventDate "2018.11.09"]
[EventType "team-tourn"]
[EventCountry "SWE"]
[SourceTitle "playchess.com"]
[Source "ChessBase"]
[SourceQuality "1"]
[TimeControl "40/5400+30:1800+30"]

1. e4 {[%emt 0:00:05]} c6 {[%emt 0:00:00]} 2. c4 {[%emt 0:00:50]} d5 {[%emt 0:00:31]} 3. exd5 {[%emt 0:00:07]} cxd5 {[%emt 0:00:05]} 4. cxd5 {[%emt 0:02:06]} Nf6 {[%emt 0:00:12]} 5. Nc3 {[%emt 0:00:04]} g6 {[%emt 0:01:15]} 6. d4 {[%emt 0:02:47]} Bg7 {[%emt 0:07:19]} 7. Bb5+ {[%emt 0:01:31]} Nbd7 {[%emt 0:00:37]} 8. d6 {[%emt 0:00:21]} e6 {[%emt 0:01:31]} 9. Nf3 {[%emt 0:23:05]} O-O {[%emt 0:00:21]} 10. O-O {[%emt 0:00:55]} a6 {[%emt 0:01:46]} 11. Be2 {[%emt 0:14:57]} b5 {[%emt 0:01:57]} 12. Ne5 {[%emt 0:06:49]} Bb7 {[%emt 0:09:20]} 13. Bf3 {[%emt 0:02:22]} Bxf3 {[%emt 0:06:39]} 14. Qxf3 {[%emt 0:02:56]} Nb6 {[%emt 0:03:28]} 15. Bg5 {[%emt 0:01:23]} h6 {[%emt 0:05:37]} 16. Nc6 {[%emt 0:01:58]} hxg5 {[%emt 0:09:51]} 17. Nxd8 {[%emt 0:00:23]} Rfxd8 {[%emt 0:00:11]} 18. Rac1 {[%emt 0:06:08]} Nc4 {[%emt 0:02:33]} 19. Qe2 {[%emt 0:01:51]} Nxd6 {[%emt 0:00:46]} 20. Rfd1 {[%emt 0:00:40]} Nf5 {[%emt 0:01:12]} 21. Ne4 {[%emt 0:06:40]} Nxd4 {[%emt 0:08:00]} 22. Nxf6+ {[%emt 0:03:02]} Bxf6 {[%emt 0:00:57]} 23. Qe4 {[%emt 0:00:06]} Ra7 {[%emt 0:00:45]} 24. g3 {[%emt 0:03:22]} Rad7 {[%emt 0:00:54]} 25. Kg2 {[%emt 0:00:13]} Kg7 {[%emt 0:00:32]} 26. h3 {[%emt 0:00:39]} Kg8 {[%emt 0:12:42]} 27. b3 {[%emt 0:02:57]} Kg7 {[%emt 0:00:30]} 28. Rd3 {[%emt 0:00:34]} Ra7 {[%emt 0:07:14]} 29. Rdc3 {[%emt 0:01:42]} Rdd7 {[%emt 0:02:38]} 30. Rd3 {[%emt 0:06:13]} Rd8 {[%emt 0:04:20]} 31. Rdc3 {[%emt 0:01:42]} Rdd7 {[%emt 0:00:17]} 32. Rc8 {[%emt 0:00:57]} a5 {[%emt 0:01:50]} 33. Ra8 {[%emt 0:01:14]} a4 {[%emt 0:00:44]} 34. bxa4 {[%emt 0:01:35]} bxa4 {[%emt 0:01:21]} 35. Rxa7 {[%emt 0:00:17]} Rxa7 {[%emt 0:00:02]} 36. Rc4 {[%emt 0:03:05]} Nb5 {[%emt 0:05:55]} 37. Qe3 {[%emt 0:01:09]} Ra8 {[%emt 0:01:24]} 38. Rb4 {[%emt 0:00:55]} Nc3 {[%emt 0:00:32]} 39. Rb7 {[%emt 0:00:12]} Ra6 {[%emt 0:00:25]} 40. Qd3 {[%emt 0:00:36]} 1-0

[Event "Elitserien Allsvenskan 2018-19"]
[Site "Sweden"]
[Date "2019.03.30"]
[Round "8.5"]
[White "Hedman, Erik"]
[Black "Cramling, Pia"]
[Result "1/2-1/2"]
[WhiteElo "2385"]
[BlackElo "2460"]
[Annotator "TA"]
[PlyCount "81"]
[EventDate "2018.11.09"]
[EventType "team-tourn"]
[EventCountry "SWE"]
[SourceTitle "playchess.com"]
[Source "ChessBase"]
[SourceQuality "1"]

{[%evp 12,81,28,12,35,7,39,-19,0,-11,15,18,12,10,12,14,7,10,21,0,23,26,12,18,26,0,0,0,0,-4,0,0,24,0,0,0,0,0,25,13,28,12,15,29,68,52,58,56,74,78,73,20,21,21,39,39,39,39,39,33,39,36,39,15,15,13,25,25,33,33,33,33]} 1. d4 Nf6 2. c4 e6 3. Nf3 b6 4. a3 d5 5. Nc3 Be7 6. cxd5 exd5 7. Qa4+ Bd7 {E12: Queen's Indian: Unusual White 4th moves, 4 a3, 4 Nc3 Bb7 5 a3 and 4 Nc3 Bb7} 8. Qc2 O-O 9. g3 (9. Bg5 $14) 9... Qc8 $146 {The position is equal.} ({Predecessor:} 9... c5 10. Bg2 Nc6 11. dxc5 bxc5 12. O-O Rc8 13. Rd1 Be6 14. Bg5 h6 15. Bxf6 Bxf6 {½-½ (35) Kuzmin,A (2588)-Shetty,R (2318) Dubai 2001}) 10. Bg5 {next Bxf6 is good for White.} Be6 11. Bg2 Nbd7 12. O-O h6 13. Bf4 c6 14. Rac1 Qb7 15. Ne5 Rac8 (15... Nxe5 {seems wilder.} 16. dxe5 Nd7 17. Rcd1 Rfd8 18. e4 d4) 16. e4 dxe4 17. Nxe4 {[%cal Re5c6]} Nxe4 18. Nxc6 {[#]} (18. Bxe4 {is interesting.} Nxe5 19. dxe5 Bd5 20. Rfd1 Rfd8 21. Qe2) 18... Qxc6 $1 19. Qxc6 Rxc6 20. Rxc6 Nef6 21. Re1 Rd8 22. Rc7 {[#] And now d5 would win.} Kf8 23. Rxa7 Nd5 24. Be5 N7f6 25. Rc1 Ke8 26. Rc6 Kf8 27. b4 Bd7 28. Bxf6 Bxc6 29. Bxd5 $1 Bxf6 30. Bxc6 {aiming for d5.} Rxd4 31. Rd7 (31. Ba4 $16) 31... Rxd7 $11 32. Bxd7 {[%mdl 4096] Endgame KB-KB} Bb2 33. a4 Bc3 34. b5 Ke7 35. Bc6 Kd6 36. Kg2 g5 37. Kf3 Bd4 38. Ke2 Ke5 39. h3 f5 40. Bd7 Bc5 41. Be8 {Accuracy: White = 52%, Black = 43%.} 1/2-1/2

[Event "Elitserien Allsvenskan 2018-19"]
[Site "Sweden"]
[Date "2019.03.30"]
[Round "8.5"]
[White "Mauritsson, Sebastian"]
[Black "Isaksson, Henrik"]
[Result "1-0"]
[WhiteElo "2327"]
[BlackElo "2086"]
[Annotator "ChessBase"]
[PlyCount "85"]
[EventDate "2018.11.09"]
[EventType "team-tourn"]
[EventCountry "SWE"]
[SourceTitle "playchess.com"]
[Source "ChessBase"]
[SourceQuality "1"]
[TimeControl "40/5400+30:1800+30"]

1. e4 {[%emt 0:00:00]} e5 {[%emt 0:00:00]} 2. f4 {[%emt 0:03:57]} d5 {[%emt 0:01:09]} 3. exd5 {[%emt 0:00:14]} exf4 {[%emt 0:00:06]} 4. Nf3 {[%emt 0:00:45]} Nf6 {[%emt 0:01:46]} 5. Bc4 {[%emt 0:02:31]} Bd6 {[%emt 0:02:42]} 6. O-O {[%emt 0:02:06]} O-O {[%emt 0:00:10]} 7. d4 {[%emt 0:02:03]} c6 {[%emt 0:03:14]} 8. dxc6 {[%emt 0:02:12]} Nxc6 {[%emt 0:00:11]} 9. Nc3 {[%emt 0:12:24]} Bg4 {[%emt 0:10:32]} 10. Kh1 {[%emt 0:18:40]} Rc8 {[%emt 0:10:14]} 11. Ne2 {[%emt 0:01:05]} Nh5 {[%emt 0:07:02]} 12. c3 {[%emt 0:03:33]} Qf6 {[%emt 0:11:18]} 13. Bd3 {[%emt 0:04:15]} Rfe8 {[%emt 0:03:50]} 14. Bd2 {[%emt 0:05:31]} Rc7 {[%emt 0:13:59]} 15. Be1 {[%emt 0:07:15]} g5 {[%emt 0:03:30]} 16. Bf2 {[%emt 0:01:56]} Bf5 {[%emt 0:07:58]} 17. Kg1 {[%emt 0:07:41]} Rce7 {[%emt 0:03:05]} 18. Re1 {[%emt 0:01:17]} Ng7 {[%emt 0:03:15]} 19. Qc2 {[%emt 0:01:21]} Bxd3 {[%emt 0:01:20]} 20. Qxd3 {[%emt 0:00:02]} Nf5 {[%emt 0:00:10]} 21. d5 {[%emt 0:02:15]} Ne5 {[%emt 0:01:06]} 22. Nxe5 {[%emt 0:00:06]} Rxe5 {[%emt 0:00:59]} 23. c4 {[%emt 0:06:36]} b6 {[%emt 0:03:23]} 24. Nc3 {[%emt 0:04:06]} Ne3 {[%emt 0:01:55]} 25. Re2 {[%emt 0:02:32]} f3 {[%emt 0:04:29]} 26. gxf3 {[%emt 0:05:34]} Qxf3 {[%emt 0:00:26]} 27. Bg3 {[%emt 0:00:41]} Bc5 {[%emt 0:01:51]} 28. Rf2 {[%emt 0:00:46]} Qg4 {[%emt 0:01:02]} 29. Na4 {[%emt 0:00:42]} Nxc4 {[%emt 0:00:43]} 30. Nxc5 {[%emt 0:00:30]} bxc5 {[%emt 0:01:12]} 31. Raf1 {[%emt 0:01:12]} Ne3 {[%emt 0:01:05]} 32. Rxf7 {[%emt 0:00:23]} Re4 {[%emt 0:00:51]} 33. R1f2 {[%emt 0:01:19]} Qd1+ {[%emt 0:01:05]} 34. Qxd1 {[%emt 0:00:06]} Nxd1 {[%emt 0:00:02]} 35. R2f6 {[%emt 0:01:12]} Nxb2 {[%emt 0:00:34]} 36. d6 {[%emt 0:00:19]} Rd4 {[%emt 0:00:36]} 37. Re7 {[%emt 0:00:32]} Rd8 {[%emt 0:00:44]} 38. Rff7 {[%emt 0:00:08]} Rd1+ {[%emt 0:00:30]} 39. Kg2 {[%emt 0:00:08]} R8xd6 {[%emt 0:00:25]} 40. Rg7+ {[%emt 0:00:21]} Kf8 {[%emt 0:00:07]} 41. Ref7+ {[%emt 0:30:39]} Ke8 {[%emt 0:30:09]} 42. Bxd6 {[%emt 0:01:19]} Rxd6 {[%emt 0:00:11]} 43. Rxa7 {[%emt 0:00:17]} 1-0

[Event "Elitserien Allsvenskan 2018-19"]
[Site "Sweden"]
[Date "2019.03.30"]
[Round "8.5"]
[White "Hjelm, Niclas"]
[Black "Gajic, Mladen"]
[Result "0-1"]
[WhiteElo "2323"]
[BlackElo "2322"]
[Annotator "ChessBase"]
[PlyCount "82"]
[EventDate "2018.11.09"]
[EventType "team-tourn"]
[EventCountry "SWE"]
[SourceTitle "playchess.com"]
[Source "ChessBase"]
[SourceQuality "1"]
[TimeControl "40/5400+30:1800+30"]

1. d4 {[%emt 0:00:00]} e6 {[%emt 0:00:31]} 2. c4 {[%emt 0:01:24]} f5 {[%emt 0:00:12]} 3. Nf3 {[%emt 0:02:28]} Nf6 {[%emt 0:01:03]} 4. Bg5 {[%emt 0:01:47]} h6 {[%emt 0:09:16]} 5. Bxf6 {[%emt 0:04:26]} Qxf6 {[%emt 0:00:05]} 6. Nc3 {[%emt 0:00:11]} Bb4 {[%emt 0:00:38]} 7. Rc1 {[%emt 0:03:40]} b6 {[%emt 0:11:14]} 8. g3 {[%emt 0:02:31]} Bb7 {[%emt 0:00:51]} 9. Bg2 {[%emt 0:00:14]} O-O {[%emt 0:10:22]} 10. O-O {[%emt 0:00:12]} Bxc3 {[%emt 0:00:39]} 11. Rxc3 {[%emt 0:00:16]} d6 {[%emt 0:00:24]} 12. Qa4 {[%emt 0:22:30]} Bc6 {[%emt 0:07:28]} 13. Qb3 {[%emt 0:03:58]} Be4 {[%emt 0:01:35]} 14. Rd1 {[%emt 0:03:42]} c5 {[%emt 0:13:07]} 15. Rd2 {[%emt 0:30:45]} Nc6 {[%emt 0:03:57]} 16. Qd1 {[%emt 0:01:15]} Rad8 {[%emt 0:05:55]} 17. d5 {[%emt 0:04:33]} exd5 {[%emt 0:08:15]} 18. cxd5 {[%emt 0:00:51]} Ne7 {[%emt 0:04:24]} 19. Ne1 {[%emt 0:00:44]} Bxg2 {[%emt 0:00:13]} 20. Nxg2 {[%emt 0:00:18]} g5 {[%emt 0:00:07]} 21. Re3 {[%emt 0:04:40]} Qf7 {[%emt 0:00:39]} 22. f4 {[%emt 0:03:18]} Ng6 {[%emt 0:01:53]} 23. Rdd3 {[%emt 0:00:33]} Rfe8 {[%emt 0:00:59]} 24. Qd2 {[%emt 0:02:46]} gxf4 {[%emt 0:05:14]} 25. Nxf4 {[%emt 0:01:41]} Nxf4 {[%emt 0:00:21]} 26. Rxe8+ {[%emt 0:00:48]} Rxe8 {[%emt 0:00:01]} 27. Qxf4 {[%emt 0:00:30]} Qf6 {[%emt 0:01:26]} 28. Re3 {[%emt 0:00:51]} Rxe3 {[%emt 0:05:24]} 29. Qxe3 {[%emt 0:00:02]} Kg7 {[%emt 0:00:24]} 30. Kg2 {[%emt 0:02:26]} c4 {[%emt 0:00:48]} 31. Qe8 {[%emt 0:01:00]} Qe5 {[%emt 0:05:43]} 32. Qxe5+ {[%emt 0:00:40]} dxe5 {[%emt 0:00:01]} 33. e4 {[%emt 0:00:10]} b5 {[%emt 0:01:16]} 34. exf5 {[%emt 0:00:35]} b4 {[%emt 0:00:17]} 35. Kf3 {[%emt 0:00:25]} a5 {[%emt 0:00:15]} 36. d6 {[%emt 0:00:30]} Kf7 {[%emt 0:01:26]} 37. Ke3 {[%emt 0:00:56]} a4 {[%emt 0:00:26]} 38. g4 {[%emt 0:00:44]} a3 {[%emt 0:00:55]} 39. bxa3 {[%emt 0:00:28]} b3 {[%emt 0:00:10]} 40. axb3 {[%emt 0:00:13]} cxb3 {[%emt 0:00:01]} 41. Kd2 {[%emt 0:03:29]} e4 {[%emt 0:01:55]} 0-1

[Event "Elitserien Allsvenskan 2018-19"]
[Site "Sweden"]
[Date "2019.03.30"]
[Round "8.5"]
[White "Drugge, Patrik"]
[Black "Arman, Deniz"]
[Result "0-1"]
[WhiteElo "2187"]
[BlackElo "2346"]
[Annotator "ChessBase"]
[PlyCount "54"]
[EventDate "2018.11.09"]
[EventType "team-tourn"]
[EventCountry "SWE"]
[SourceTitle "playchess.com"]
[Source "ChessBase"]
[SourceQuality "1"]
[TimeControl "40/5400+30:1800+30"]

1. e4 {[%emt 0:00:00]} g6 {[%emt 0:02:25]} 2. d4 {[%emt 0:00:00]} c6 {[%emt 0:00:04]} 3. Nf3 {[%emt 0:01:52]} d5 {[%emt 0:00:11]} 4. exd5 {[%emt 0:06:06]} cxd5 {[%emt 0:00:17]} 5. c4 {[%emt 0:02:54]} Nf6 {[%emt 0:00:15]} 6. Nc3 {[%emt 0:00:13]} Bg7 {[%emt 0:00:21]} 7. c5 {[%emt 0:01:35]} O-O {[%emt 0:00:50]} 8. Bf4 {[%emt 0:02:28]} b6 {[%emt 0:05:44]} 9. b4 {[%emt 0:14:08]} a5 {[%emt 0:35:54]} 10. b5 {[%emt 0:27:36]} bxc5 {[%emt 0:00:48]} 11. dxc5 {[%emt 0:00:06]} Ne4 {[%emt 0:06:20]} 12. Nxe4 {[%emt 0:00:44]} dxe4 {[%emt 0:00:06]} 13. Qxd8 {[%emt 0:11:14]} Rxd8 {[%emt 0:00:54]} 14. Ne5 {[%emt 0:00:08]} g5 {[%emt 0:05:24]} 15. Bg3 {[%emt 0:00:15]} f5 {[%emt 0:01:00]} 16. Bc4+ {[%emt 0:05:32]} e6 {[%emt 0:04:23]} 17. O-O {[%emt 0:21:45]} f4 {[%emt 0:00:36]} 18. Rad1 {[%emt 0:00:03]} Re8 {[%emt 0:00:41]} 19. Rfe1 {[%emt 0:02:05]} Bxe5 {[%emt 0:00:44]} 20. Rxe4 {[%emt 0:00:17]} Bf6 {[%emt 0:00:06]} 21. Bxf4 {[%emt 0:00:24]} gxf4 {[%emt 0:00:06]} 22. Rxf4 {[%emt 0:00:57]} Nd7 {[%emt 0:05:56]} 23. c6 {[%emt 0:00:30]} Nb6 {[%emt 0:00:14]} 24. Bb3 {[%emt 0:00:32]} a4 {[%emt 0:00:30]} 25. Bc2 {[%emt 0:00:06]} Kf7 {[%emt 0:04:08]} 26. Bxh7 {[%emt 0:00:54]} e5 {[%emt 0:00:06]} 27. Rf3 {[%emt 0:00:33]} Bg4 {[%emt 0:00:11]} 0-1